APEC Schools

Planet Earth : (Record no. 6953)

000 -LEADER
fixed length control field nam a22 7a 4500
005 - DATE AND TIME OF LATEST TRANSACTION
control field 20190122031743.0
008 - FIXED-LENGTH DATA ELEMENTS--GENERAL INFORMATION
fixed length control field 190122b xxu||||| |||| 00| 0 eng d
020 ## - IDENTIFIER FOR THE MANIFESTATION
Identifier for the Manifestation 9780753466162
Binding hardbound
040 ## - CATALOGING SOURCE
Language of Cataloging eng
Transcribing Agency APEC Schools Library
Description Conventions rda
082 ## - DEWEY DECIMAL CLASSIFICATION NUMBER
Classification number C 304.20
Author's Number G427 2010
100 ## - CREATOR
Preferred Name of the Person Gilpin, Dan
245 ## - TITLE AND STATEMENT OF RESPONSIBILITY
Preferred Title Proper Planet Earth :
Remainder of Title what planet are you on? /
Statement of Responsibility/Parallel Statement of Responsibility Dan Gilpin,
-- Created by Basher.
264 ## - PUBLICATION STATEMENT
Place of publication, distribution, etc New York :
Publisher's Name/Parallel Publisher's Name Kingfisher,
Copyright ©2010.
Date of Publication 2010
300 ## - PHYSICAL DESCRIPTION
Extent 128 pages :
Illustrative Content colored illustrations ;
Dimensions 16 cm.
336 ## - RDA CONTENT
Source rdacontent
Content Type text
337 ## - RDA MEDIA
Source rdamedia
Media Type unmediated
338 ## - RDA CARRIER
Source rdacarrier
Carrier Type volume
504 ## - BIBLIOGRAPHY, ETC. NOTE
Bibliography, etc Includes index.
651 ## - ADDED SUBJECT ACCESS POINT - GEOGRAPHIC NAME
Topical Term Earrth (Planet)
700 ## - ADDED AUTHORIZED ACCESS POINT - PERSONAL NAME
Preferred Name of the Person Basher
Title of the Person/Other Designation Associated/Field of Activity/Profession creator
942 ## - ADDED ENTRY ELEMENTS (KOHA)
Source of Classification
Koha Item Type Books
Holdings
Library Site Location Shelving Location Source of Acquisition Full Classification Number Accession Number Koha Item Type
APEC Bacoor Library APEC Bacoor Library Circulation Institutional Fund C 304.20 G427 2010 B04-0000136 Non Fiction
APEC Calumpang Library APEC Calumpang Library Circulation Institutional Fund C 304.20 G427 2010 B10-0000166 Non Fiction
APEC Dasmarinas Library APEC Dasmarinas Library Circulation Institutional Fund C 304.20 G427 2010 B03-0000160 Non Fiction
APEC España Library APEC España Library Circulation Institutional Fund C 304.20 G427 2010 B11-0000122 Non Fiction
APEC Grace Park West Library APEC Grace Park West Library Circulation Institutional Fund C 304.20 G427 2010 A09-0000236 Non Fiction
APEC Grace Park West Library APEC Grace Park West Library Circulation Institutional Fund C 304.20 G427 2010 A09-0000237 Non Fiction
APEC JRU Lipa Library APEC JRU Lipa Library Circulation Institutional Fund C 304.20 G427 2010 B12-0000162 Non Fiction
APEC Marikina Heights Library APEC Marikina Heights Library Circulation Institutional Fund C 304.20 G427 2010 A08-0000181 Non Fiction
APEC Concepcion Dos Library APEC Marikina Heights Library Circulation Institutional Fund C 304.20 G427 2010 C02-0000162 Non Fiction
APEC Muntinlupa Library APEC Muntinlupa Library Circulation Institutional Fund C 304.20 G427 2010 B01-0000195 Non Fiction
APEC New Manila Library APEC New Manila Library Circulation Institutional Fund C 304.20 G427 2010 C03-0000163 Non Fiction
APEC North Fairview Library APEC North Fairview Library Circulation Institutional Fund C 304.20 G427 2010 A04-0000131 Non Fiction
APEC Ortigas Extension, Cainta Library APEC Ortigas Extension, Cainta Library Circulation Institutional Fund C 304.20 G427 2010 B09-0000156 Non Fiction
APEC Roxas Boulevard Library APEC Roxas Boulevard Library Circulation Institutional Fund C 304.20 G427 2010 B06-0000126 Non Fiction
APEC Silangan, Pateros Library APEC Silangan, Pateros Library Circulation Institutional Fund C 304.20 G427 2010 B07-0000141 Non Fiction
APEC Sta. Rita Library APEC Sta. Rita Library Circulation Institutional Fund C 304.20 G427 2010 B02-0000162 Non Fiction
APEC Taytay Library APEC Taytay Library Circulation Institutional Fund C 304.20 G427 2010 B08-0000132 Non Fiction
APEC Tondo Library APEC Tondo Library Circulation Institutional Fund C 304.20 G427 2010 A10-0000171 Non Fiction
APEC V. Luna Library APEC V. Luna Library Circulation Institutional Fund C 304.20 G427 2010 A01-0000133 Non Fiction

Powered by Koha